Contextacion [sic] de D. Francisco Vallesteros al oficio que recibió de la exoneracion de su mando. (Record no. 174391)
[ view plain ]
| 000 -LEADER | |
|---|---|
| campo de control de longitud fija | 00961nam a2200229 i 4500 |
| 001 - NÚMERO DE CONTROL | |
| campo de control | 174391 |
| 003 - IDENTIFICADOR DE NÚMERO DE CONTROL | |
| campo de control | ES-MaACL |
| 005 - FECHA Y HORA DE LA ÚLTIMA TRANSACCIÓN | |
| campo de control | 20250831063042.0 |
| 008 - DATOS DE LONGITUD FIJA--INFORMACIÓN GENERAL | |
| campo de control de longitud fija | 100413s1812 sp |||| | spa d |
| 080 ## - NÚMERO DE LA CLASIFICACIÓN DECIMAL UNIVERSAL | |
| Número de la Clasificación Decimal Universal | 946.0"1808/1814"(093) |
| 100 1# - ENTRADA PRINCIPAL--NOMBRE DE PERSONA | |
| Nombre de persona | Ballesteros López, Francisco, |
| Fechas asociadas al nombre | 1770-1833 |
| 9 (RLIN) | 125789 |
| 245 10 - MENCIÓN DEL TÍTULO | |
| Título | Contextacion [sic] de D. Francisco Vallesteros al oficio que recibió de la exoneracion de su mando. |
| 260 ## - PUBLICACIÓN, DISTRIBUCIÓN, ETC. | |
| Lugar de publicación, distribución, etc. | Cadiz : |
| Nombre del editor, distribuidor, etc. | [s.n., |
| Fecha de publicación, distribución, etc. | 1812] ( |
| Fabricante | Impr. de Guerrero) |
| 300 ## - DESCRIPCIÓN FÍSICA | |
| Extensión | [4] p. ; |
| Dimensiones | 22 cm. |
| 505 8# - NOTA DE CONTENIDO CON FORMATO | |
| Nota de contenido con formato | Repruduce y contiene la nota firmada por Virués |
| 594 ## - Nota al título y mención de responsabilidad | |
| Nota al título y mención de responsabilidad | Tít. tomado de principio del texto, sin portada. |
| 596 ## - NOTA AL PIE DE IMPRENTA | |
| NOTA AL PIE DE IMPRENTA | Datos de publicación tomados del colofón. |
| 651 #4 - PUNTO DE ACCESO ADICIONAL DE MATERIA--NOMBRE GEOGRÁFICO | |
| Nombre geográfico | España- |
| Subdivisión general | Historia- |
| Subdivisión cronológica | 1808-1814, Guerra de la Independencia- |
| Subdivisión de forma | Fuentes. |
| 9 (RLIN) | 142504 |
| 700 1# - ENTRADA AGREGADA--NOMBRE PERSONAL | |
| Nombre de persona | Virués Spínola, José Joaquín, |
| Fechas asociadas al nombre | 1770-1840 |
| 9 (RLIN) | 142505 |
| 852 ## - LOCALIZACIÓN | |
| Ubicación | ES-MaACL |
| Número de control de estantería | R-3308(2) |
| Nota libre | .- Encuadernado con otras obras |
| Estatus retirado | Estado de pérdida | Estado de daño | No para préstamo | Colección | Biblioteca de origen | Biblioteca actual | Ubicación en estantería | Fecha de adquisición | Fuente de adquisición | Total de préstamos | Signatura topográfica completa | Código de barras | Visto por última vez | Precio de reemplazo | Tipo de ítem Koha |
|---|---|---|---|---|---|---|---|---|---|---|---|---|---|---|---|
| Libros del s. XIX | Biblioteca del Ateneo de Madrid | Biblioteca del Ateneo de Madrid | Depósito | 13/04/2010 | R-3308(2) | 1183047 | 23/02/2023 | 23/02/2023 | Libro impreso antiguo |
